| 000 | 00524nam a22001697a 4500 | ||
|---|---|---|---|
| 005 | 20251108173021.0 | ||
| 008 | 250721s1996 xx 000 0 ara d | ||
| 082 | 1 | 4 | _a621.33/حما |
| 100 | 1 | _aحماد، رزق نمر | |
| 245 | 1 | 0 | _aالإضاءة النهارية و الصناعية في العمارة / |
| 264 | 1 |
_aعمان : _bالمؤلف، _c1996. |
|
| 300 | _a263 ص. | ||
| 650 | 1 | 7 | _aالاضاءة الكهربائية |
| 650 | 1 | 7 | _aالهندسة الكهربائية |
| 942 |
_2ddc _cBK |
||
| 999 |
_c94132 _d94132 |
||